| 000 -CABECERA |
| campo de control de longitud fija |
01621nam a22002297a 4500 |
| 003 - IDENTIFICADOR DEL NÚMERO DE CONTROL |
| campo de control |
OSt |
| 005 - FECHA Y HORA DE LA ÚLTIMA TRANSACCIÓN |
| campo de control |
20250128152047.0 |
| 008 - DATOS DE LONGITUD FIJA--INFORMACIÓN GENERAL |
| campo de control de longitud fija |
250128b ||||| |||| 00| 0 spa d |
| 020 ## - NÚMERO INTERNACIONAL ESTÁNDAR DEL LIBRO |
| Número Internacional Estándar del Libro |
9789586657846 |
| 040 ## - FUENTE DE LA CATALOGACIÓN |
| Centro/agencia transcriptor |
CO-MqBPB |
| 082 04 - NÚMERO DE LA CLASIFICACIÓN DECIMAL DEWEY |
| Número de clasificación |
AN |
| Número de documento/Ítem |
FOSm |
| 100 1# - ENTRADA PRINCIPAL--NOMBRE DE PERSONA |
| Nombre de persona |
Fosse, Jon,1959-, |
| Término indicativo de función/relación |
Autor |
| 245 10 - MENCIÓN DE TÍTULO |
| Título |
Mañana y tarde / |
| Resto del título |
Jon Fosse |
| 264 1# - PRODUCCIÓN, PUBLICACIÓN, DISTRIBUCIÓN, FABRICACIÓN Y COPYRIGHT |
| Producción, publicación, distribución, fabricación y copyright |
Bogotá : |
| Nombre del de productor, editor, distribuidor, fabricante |
Nórdica Libros : Deconatus :Siglo del Hombre Editores, |
| Fecha de producción, publicación, distribución, fabricación o copyright |
2023. |
| 300 ## - DESCRIPCIÓN FÍSICA |
| Extensión |
102 páginas ; |
| Otras características físicas |
Tapa rustica con solapa, |
| Dimensiones |
22 cm |
| 500 ## - NOTA GENERAL |
| Nota general |
Reseña del libro "Manaña y Tarde"<br/>Nace un niño que se llamará Johannes. Muere un anciano llamado Johannes. Entre estos dos puntos, Jon Fosse nos da los detalles de toda una vida, condensados con gran belleza. Comenzando con los pensamientos del padre de Johannes cuando su esposa se pone de parto, y terminando con los propios pensamientos de Johannes cuando se embarca en un día de su vida en el que todo es exactamente igual, pero totalmente diferente, Mañana y tarde es una obra sobre el hermoso sueño de nuestras vidas. Los momentos a lo largo de la novela son sencillos y cotidianos, pero la prosa rítmica de Fosse guía hábilmente a los lectores a través del pasado y el presente. Mañana y tarde es una novela breve e inolvidable, sobre el nacimiento y la muerte, escrita por uno los grandes narradores y dramaturgos europeos de las últimas décadas. Ganador del premio Nobel de literatura 2023. |
| 546 ## - NOTA DE LENGUA/LENGUAJE |
| Nota de lengua/lenguaje |
Morgon og kvel |
| 586 ## - NOTA DE PREMIOS |
| Nota de premios |
Premio Nobel de Literatura 2023 |
| 650 ## - PUNTO DE ACCESO ADICIONAL DE MATERIA--TÉRMINO DE MATERIA |
| Fuente del encabezamiento o término |
Literatura |
| Subdivisión cronológica |
Noruega |
| 700 ## - PUNTO DE ACCESO ADICIONAL--NOMBRE DE PERSONA |
| Nombre de persona |
Cristina Gómez-Baggethun y Kirsti Baggethun |
| Término indicativo de función/relación |
Traducción |
| 942 ## - ELEMENTOS DE PUNTO DE ACCESO ADICIONAL (KOHA) |
| Fuente del sistema de clasificación o colocación |
|
| Tipo de ítem Koha |
Libro Literatura |